00000000nam 2200000zi 4500
0019.934242
003CaOODSP
00520250109074612
006m     o  d f      
007cr mn|||||||||
008240221s1970    onc     o    f000 0 eng d
040 |aCaOODSP|beng|erda|cCaOODSP
0410 |aeng|afre
043 |an-cn---
0861 |aC2-676/1970-PDF
24500|aGeneral Adjustment Assistance Program, GAAP = |bProgramme d'aide générale de transition, GAAP.
24611|aProgramme d'aide générale de transition, GAAP
24616|aProgram of financial assistance and consulting services for manufacturers = |bProgramme d'aide financière et de services de conseillers à l'intention des fabricants
264 1|aOttawa, Canada : |bDepartment of Industry, Trade and Commerce = Ministère de l'industrie et du commerce, |c1970.
300 |a1 online resource (8 pages)
336 |atext|btxt|2rdacontent
337 |acomputer|bc|2rdamedia
338 |aonline resource|bcr|2rdacarrier
500 |aTitle from cover.
500 |aDigitized edition from print [produced by Innovation, Science and Economic Development Canada].
546 |aText in English and French.
650 0|aManufacturing industries|xGovernment policy|zCanada.
650 0|aTrade adjustment assistance|zCanada.
7101 |aCanada. |bDepartment of Industry, Trade and Commerce, |eissuing body.
788 |tGeneral Adjustment Assistance Program, GAAP = |efre|w(CaOODSP)9.946631
85640|qPDF|s613 KB|uhttps://publications.gc.ca/collections/collection_2025/isde-ised/c2/C2-676-1970.pdf